000 01471cam a2200337 i 4500
999 _c3888
_d3888
001 (Sirsi) a1244217
003 OSt
005 20241118112634.0
008 220824s2021 enka c 001 0 eng d
020 _a9780711261266
_q(hardcover) :
040 _aUKMGB
_beng
_cUKMGB
_dOCLCO
_dUKMGB
_dOCLCF
_dSINLB
_dNZAUC
_dTAE
_dKH8
_erda
042 _anbic
082 0 _a581.38 THO
100 1 _aThorogood, Chris,
_eauthor.
245 1 0 _aWhen plants took over the planet :
_bthe amazing story of plant evolution /
_cDr Chris Thorogood ; illustrated by Amy Grimes.
246 3 0 _aAmazing story of plant evolution.
264 1 _aLondon :
_bQED Publishing,
_c2021.
300 _a64 pages :
_bcolor illustrations ;
_c31 cm.
336 _atext
_btxt
_2rdacontent.
336 _astill image
_bsti
_2rdacontent.
337 _aunmediated
_bn
_2rdamedia.
338 _avolume
_bnc
_2rdacarrier.
500 _aIncludes index.
520 _aThis large-format, highly illustrated book will guide readers through the key aspects of the life of plants, from early ferns which were most certainly munched on by dinosaurs, to carnivorous plants that snap and attack' their prey, or powerful medicinal plants that can heal ailments and boost health.
521 1 _aAges 7-12.
650 0 _aPlants
_xEvolution
_vJuvenile literature.
650 0 _aPlants
_xAdaptation
_vJuvenile literature.
650 0 _aEvolution
_vJuvenile literature.
700 1 _aGrimes, Amy,
_eillustrator.
942 _2ddc
_cNFIC